Statistics for Pictographic Kanji

Click here to take the quiz!

General Stats

  • This quiz has been taken 428 times
  • The average score is 12 of 14

Answer Stats

KanjiMeaning% Correct
One
98%
Three
98%
Two
98%
Sun
95%
Tree
94%
Forest
93%
Moon
93%
Mountain
93%
River
92%
Rain
86%
Car
74%
Fish
73%
Horse
64%
Woods
56%

Score Distribution

Percentile by Number Answered

Percent of People with Each Score

Your Score History

You have not taken this quiz